| 000 | 00819nam a2200241 i 4500 | ||
|---|---|---|---|
| 001 | 15334 | ||
| 003 | ES-MaACL | ||
| 005 | 20230906151039.0 | ||
| 007 | t| | ||
| 008 | 000215s1999 sp ||||0| spa j | ||
| 020 | _a84-88006-48-9 | ||
| 040 |
_aM-BN _bspa _cM-BN |
||
| 080 | _a75.036(460)(064.3) | ||
| 245 | 0 | 0 |
_aEspacio pintado _b: 15 abril-13 junio, 1999, Centro Cultural del Conde Duque. |
| 260 |
_a[Madrid] : _bConcejalía de Cultura, Educación, Juventud y Deportes, _c1999. |
||
| 300 |
_a223 p. : _bprincipalmente il. ; _c23 cm. |
||
| 650 | 4 |
_aPintura española- _yS.XX- _vExposiciones. _916043 |
|
| 655 | 7 |
_2tgfbne _9193628 _aCatálogos de exposiciones |
|
| 710 | 2 |
_aCentro Cultural del Conde Duque. _92579 |
|
| 852 |
_aES-MaACL _jL-22627 _bR.127280 |
||
| 942 | _2udc | ||
| 999 |
_c15334 _d15334 |
||